|
|
|
|
| LEADER |
00818nab a2200205 i 4500 |
| 001 |
publ8375 |
| 005 |
20190515113617.0 |
| 008 |
170109s2015 hu o 0|| angol d |
| 022 |
|
|
|a 2060-3274
|
| 024 |
7 |
|
|a 10.1515/jengeo-2015-0003
|2 doi
|
| 024 |
7 |
|
|a 2985968
|2 mtmt
|
| 040 |
|
|
|a SZTE Publicatio Repozitórium
|b hun
|
| 041 |
|
|
|a angol
|
| 100 |
1 |
|
|a Kiss Tímea
|
| 245 |
1 |
0 |
|a Charateristics of point-bar development under the influence of a DAM
|h [elektronikus dokumentum] :
|b case study on the Dráva river at Sigetec, Croatia /
|c Kiss Tímea
|
| 260 |
|
|
|a Szegedi Egyetemi Kiadó
|c 2015
|
| 300 |
|
|
|a 23-30
|
| 490 |
0 |
|
|a JOURNAL OF ENVIRONMENTAL GEOGRAPHY
|v 8 No. 1-2
|
| 700 |
0 |
1 |
|a Balogh Márton
|e aut
|
| 856 |
4 |
0 |
|u http://publicatio.bibl.u-szeged.hu/8375/1/2015_joeg__Voulme8_Issue_1_2_paper_3_Kiss_Balogh_u.pdf
|z Dokumentum-elérés
|